|
|
|
|
| LEADER |
01742cem a2200469 i 4500 |
| 001 |
nkc20152695561 |
| 003 |
CZ PrNK |
| 005 |
20221123140936.0 |
| 007 |
aj canzn |
| 008 |
150506s2013 xr z a 0 cze |
| 015 |
|
|
|a cnb002695561
|z cnb002467056
|
| 020 |
|
|
|a 978-80-87824-31-3
|
| 034 |
1 |
|
|a a
|b 769230
|d E0120600
|e E0185300
|f N0510400
|g N0483200
|
| 040 |
|
|
|a ABA001
|b cze
|d ABA001
|e rda
|
| 041 |
0 |
|
|a cze
|a fre
|
| 043 |
|
|
|a e-xr---
|
| 072 |
|
7 |
|a 913(437)
|x Geografie Česka a Slovenska, reálie, cestování
|2 Konspekt
|9 7
|
| 072 |
|
7 |
|a 912
|x Mapy. Atlasy. Glóby
|2 Konspekt
|9 7
|
| 080 |
|
|
|a 904
|2 MRF
|
| 080 |
|
|
|a 502.21(1-751.4)
|2 MRF
|
| 080 |
|
|
|a 913(437.3)
|2 MRF
|
| 080 |
|
|
|a (084.3)
|2 MRF
|
| 245 |
0 |
0 |
|a Carte de la République tchèque
|
| 246 |
3 |
|
|a Plan des curiosités culturelles et naturelles
|
| 250 |
|
|
|a 1ère édition
|
| 255 |
|
|
|a Měřítko přibližně 1:769 230
|c (E 12°06ʹ00ʺ--E 18°53ʹ00ʺ/N 51°04ʹ00ʺ--N 48°32ʹ00ʺ)
|
| 264 |
|
1 |
|a Prague :
|b CzechTourism,
|c 2013
|
| 300 |
|
|
|a 1 mapa :
|b barevná ;
|c 39 x 64 cm, složeno na 23 x 11 cm
|
| 336 |
|
|
|a kartografický obraz
|b cri
|2 rdacontent
|
| 337 |
|
|
|a bez média
|b n
|2 rdamedia
|
| 338 |
|
|
|a list
|b nb
|2 rdacarrier
|
| 500 |
|
|
|a V roce 2014 dotisk
|
| 500 |
|
|
|a Vlastivědný text na rubu
|
| 546 |
|
|
|a Místní jména česky, francouzský text
|
| 650 |
0 |
7 |
|a kulturní památky
|7 ph115033
|z Česko
|2 czenas
|
| 650 |
0 |
7 |
|a přírodní památky
|7 ph137870
|z Česko
|2 czenas
|
| 655 |
|
7 |
|a mapy
|7 fd132800
|2 czenas
|
| 910 |
2 |
|
|a BOA001
|b Mp2-1340.174
|
| 928 |
9 |
|
|a Česká centrála cestovního ruchu - CzechTourism
|
| 990 |
|
|
|a MP
|
| 995 |
|
|
|a 01
|
| 996 |
6 |
|
|b 2610620224
|c Mp2-1340.174
|l MZK
|r Sklad / do 1 hodiny
|n 0
|p p.v.
|w 001487132
|u 000010
|a 1
|e BOA001
|j MZK50
|s P
|